00441nmm a2200169Ia 4500008004100000020001800041041000800059100002100067245001200088264004200100300001800142490001400160650002200174856005100196942000700247999001700254251105s9999||||xx |||||||||||||||||und|| a9788499534282 aspa aBorrero, Esteban 0aRelatos a[Madrid, España] :bLinkgua, c2016 a140 páginas aNarrativa aSpanish narrative uhttps://public.digitaliapublishing.com/a/16634 cCF c93092d93092